Mga pakikipagsapalaran ni Pilandok : (Record no. 102984)
[ view plain ]
| 000 -LEADER | |
|---|---|
| fixed length control field | 00539nam a2200157 a 4500 |
| 005 - DATE AND TIME OF LATEST TRANSACTION | |
| control field | 20140412111247.0 |
| 008 - FIXED-LENGTH DATA ELEMENTS--GENERAL INFORMATION | |
| fixed length control field | 010418s19uu xx 00 eng d |
| 020 ## - INTERNATIONAL STANDARD BOOK NUMBER | |
| International Standard Book Number | 971-08-3065-1 |
| 050 ## - LIBRARY OF CONGRESS CALL NUMBER | |
| Classification number | Fil E |
| Item number | Pi64 1986 |
| 100 ## - MAIN ENTRY--PERSONAL NAME | |
| Personal name | Dimalanta, Wystan A. |
| 245 ## - TITLE STATEMENT | |
| Title | Mga pakikipagsapalaran ni Pilandok : |
| Remainder of title | (halaw sa kuwentong Bayan ng Maranaw) / |
| Statement of responsibility, etc | by Wystan A. Dimalanta; illustrations by Juanit Y. Sy. |
| 260 ## - PUBLICATION, DISTRIBUTION, ETC. (IMPRINT) | |
| Place of publication, distribution, etc | Philippines : |
| Name of publisher, distributor, etc | National Bookstore, |
| Date of publication, distribution, etc | 1986. |
| 300 ## - PHYSICAL DESCRIPTION | |
| Extent | 32p. ; ill. |
| 650 ## - SUBJECT ADDED ENTRY--TOPICAL TERM | |
| Topical term or geographic name as entry element | Maranaw stories, Filipino |
| Withdrawn status | Lost status | Damaged status | Home library | Current library | Shelving location | Date acquired | Source of acquisition | Total Checkouts | Full call number | Barcode | Date last seen | Price effective from | Koha item type |
|---|---|---|---|---|---|---|---|---|---|---|---|---|---|
| Elizalde Library | Elizalde Library | Filipiniana Section | 04/18/2001 | Fil E Pi64 1986 | E3515 | 04/12/2014 | 04/12/2014 | Books |